The use of typic dystropept subsoil for rubber nursery in polibag (Record no. 71147)

MARC details
000 -LEADER
fixed length control field 00452nam a2200157Ia 4500
100 ## - MAIN ENTRY--AUTHOR NAME
Personal name Taryo-Adiwiganda Y
245 #4 - TITLE STATEMENT
Title The use of typic dystropept subsoil for rubber nursery in polibag
260 ## - PUBLICATION, DISTRIBUTION, ETC. (IMPRINT)
Name of publisher Indonesian Journal of Natural Rubber Research
Year of publication 1995
300 ## - PHYSICAL DESCRIPTION
Number of Pages 53-56
650 ## - SUBJECT ADDED ENTRY--TOPICAL TERM
Topical Term Hevea brasiliensis
650 ## - SUBJECT ADDED ENTRY--TOPICAL TERM
Topical Term Subsoil
650 ## - SUBJECT ADDED ENTRY--TOPICAL TERM
Topical Term Typic dystropept
700 ## - ADDED ENTRY--PERSONAL NAME
Personal name Hasanudin
942 ## - ADDED ENTRY ELEMENTS (KOHA)
Koha item type Journals
Holdings
Withdrawn status Lost status Damaged status Not for loan Home library Current library Shelving location Date acquired Serial Enumeration / chronology Koha item type
      Journals RRII Library RRII Library Soils and agonomy 17/12/2021 Volume 13, Issue 1 Journals